000 00423nam a2200157Ia 4500
008 231217s9999 xx 000 0 und d
041 _aEnglish
082 _a338.4767 CHO.1;1
100 _aChowdary, Nagendra V ed.
245 0 _aWorld class manufacturing V.1 : concepts and cases
260 _c2003
_bIcfai
_aHyderabad
300 _axv, 166
400 _aEconomy series
650 _amanufacturing,V.1
942 _cAA
999 _c187218
_d187218